00901nam a22002417a 450000500170000001000130001702000100003003500130004003700160005304000120006908200150008110000250009624500410012126000400016227000450020230000210024750000500026865000400031865000710035894200240042999900190045395201870047220170124110041.0 aA-835001 c00.00 aA-835001 bCen Lib/Ret aDPLbEN a880.8bPAT aPater, Walter923733 aAn essay on style /cby Walter Pater bArjit Kumar Papyrusc1991aCalcutta a2, Ganendra Mita LanebCalcuttae700 004 a104p. c20cm(Hb) aIncludes bibliographical references and index aPater as an aesthetic critic923734 aEnglish literature -- History and criticism -- 19th century923735 2ddccENh880.8mPAT c128547d128547 04104070aLbLd2015-07-02eCen Lib/Retg0.00l0o880.8 PATpA-835001r2015-07-02 00:00:00t1v0.00w2015-07-02yENzWritten off on approval by DLB (By Circulation); dtd 15-06-2023